000 00883nam a22002417a 4500
999 _c4147
_d4147
003 AR-CdUCM
008 190308b ||||| |||| 00| 0 spa d
040 _aMUNICIPALIDAD PROVINCIAL DEL CUSCO
_cBIBLIOTECA MUNICIPAL DEL CUSCO
082 _22ed.
_a709 /
_bR96
100 _aRuskin, John
_913151
245 _aArte primitivo y pintores modernos /
260 _aBueno Aires :
_bEl Ateneo,
_c1956.
300 _a355 páginas ;
_c19 cm.
505 _aLa naturaleza de las ideas que el arte transmite -- La finalidad del arte -- Artesanía -- Condiciones del arte de paisaje -- Pintores y cuadros -- Arquitectura y escultura...
650 _aArte.
_9561
650 _aArquitectura.
_93356
650 _aEscultura.
_913152
650 _aPintores.
_96624
650 _aCuadros.
_913153
700 _aDestefano, Jose (prefacio)
_913154
942 _2ddc
_cLIBROS
945 _awfj
_d2019-03-08